00423nam a2200157Ia 450000500170000000800410001704000190005804100120007708200160008924500570010526000260016230000080018865000310019670000280022785000100025520221222114556.0131103s9999 xx 000 0 und d aLoreto College aEnglish a822.08bNEW aNew english dramatistscEdited by John Russel Taylor aLondonbPenguinc1967 a8v. aEnglish drama - collection aRussel Taylor John; ed. aLCLIB